[Event "41. Open Ciutat de Badalona 2015 - B"]
[Site "Badalona ESP"]
[Date "2015.08.08"]
[Round "7.2"]
[White "Cervello Tost, Roger"]
[Black "Ramon Serrano, Fco. Javier"]
[Result "0-1"]
[WhiteElo "2132"]
[BlackElo "2163"]
[PlyCount "62"]
[EventDate "2015.08.02"]
[EventType "swiss"]
[EventRounds "9"]
[EventCountry "ESP"]
[SourceTitle "Ajedrez en Madrid"]
[Source "lmi"]
[SourceDate "2015.08.02"]
[SourceVersion "1"]
[SourceVersionDate "2018.07.18"]
[SourceQuality "1"]

1. e4 d5 2. exd5 Nf6 3. d4 Qxd5 4. Nf3 Bg4 5. Be2 Nc6 6. c4 Qh5 7. Be3 e6 8. a3
Bd6 9. Nbd2 O-O 10. h3 Rad8 11. Qb3 e5 12. O-O-O Bxf3 13. Bxf3 Qg6 14. d5 Nd4
15. Qc3 c5 16. dxc6 bxc6 17. c5 Be7 18. Bxd4 exd4 19. Qc4 Nd7 20. Be4 Qf6 21.
b4 Qxf2 22. Rdf1 Qe3 23. Qb3 Bg5 24. Kb1 Nxc5 25. Qc2 Nxe4 26. Nxe4 d3 27. Qc5
Qxe4 28. Qxg5 d2+ 29. Kb2 Qd4+ 30. Kc2 Qc4+ 31. Kb2 Rd3 0-1

[Event "41. Open Ciutat de Badalona 2015 - B"]
[Site "Badalona ESP"]
[Date "2015.08.08"]
[Round "7.3"]
[White "Masferrer Niubo, Enric"]
[Black "Martin Sanchez, Enric"]
[Result "1-0"]
[WhiteElo "2155"]
[BlackElo "2113"]
[PlyCount "53"]
[EventDate "2015.08.02"]
[EventType "swiss"]
[EventRounds "9"]
[EventCountry "ESP"]
[SourceTitle "Ajedrez en Madrid"]
[Source "lmi"]
[SourceDate "2015.08.02"]
[SourceVersion "1"]
[SourceVersionDate "2018.07.18"]
[SourceQuality "1"]

1. e4 c5 2. Nf3 d6 3. d4 cxd4 4. Nxd4 Nf6 5. Nc3 e6 6. Be3 Nc6 7. Qd2 Ng4 8.
Bg5 Qb6 9. Nb3 Bd7 10. h3 Nf6 11. Bxf6 gxf6 12. Be2 h5 13. O-O O-O-O 14. Kh1
Kb8 15. f4 Bc8 16. Qd1 d5 17. exd5 Nb4 18. Bf3 exd5 19. a3 Nxc2 20. Qxc2 d4 21.
Nd5 Qd6 22. Nxd4 Be6 23. Nb5 Qd7 24. Qc7+ Qxc7 25. Nbxc7 Bc8 26. Nb5 Bg4 27.
Nbc3 1-0

[Event "41. Open Ciutat de Badalona 2015 - B"]
[Site "Badalona ESP"]
[Date "2015.08.08"]
[Round "7.4"]
[White "Romero Castejón, Daniel"]
[Black "Palacios Peña, Gerardo"]
[Result "1-0"]
[WhiteElo "2073"]
[BlackElo "2152"]
[PlyCount "101"]
[EventDate "2015.08.02"]
[EventType "swiss"]
[EventRounds "9"]
[EventCountry "ESP"]
[SourceTitle "Ajedrez en Madrid"]
[Source "lmi"]
[SourceDate "2015.08.02"]
[SourceVersion "1"]
[SourceVersionDate "2018.07.18"]
[SourceQuality "1"]

1. e4 d5 2. exd5 Qxd5 3. Nc3 Qa5 4. d4 Nf6 5. Nf3 Bg4 6. h3 Bh5 7. g4 Bg6 8.
Ne5 c6 9. Bg2 e6 10. h4 Be4 11. Bxe4 Nxe4 12. Qf3 Nd6 13. Bd2 Qc7 14. Bf4 f6
15. Nc4 Qd7 16. Bxd6 Bxd6 17. O-O-O Na6 18. d5 cxd5 19. Nxd5 exd5 20. Rxd5 Bf4+
21. Kb1 Qc7 22. Re1+ Kf8 23. Ne5 Bxe5 24. Rdxe5 Rd8 25. Qa3+ Nc5 26. Rxc5 Qd6
27. Rc7 Qxa3 28. bxa3 h5 29. Ree7 hxg4 30. Rf7+ Kg8 31. Rxg7+ Kf8 32. Rxg4 b5
33. Rf4 Rh6 34. Rxa7 Rd5 35. a4 bxa4 36. Rb4 Rd8 37. Rbxa4 Rh5 38. Ra8 Rxa8 39.
Rxa8+ Ke7 40. Ra4 Rf5 41. f4 Rh5 42. Rd4 Rxh4 43. Kb2 Rh5 44. Kb3 Rb5+ 45. Rb4
Ra5 46. a4 Kd6 47. Rb5 Ra8 48. f5 Re8 49. a5 Re3+ 50. c3 Re1 51. Rb6+ 1-0

[Event "41. Open Ciutat de Badalona 2015 - B"]
[Site "Badalona ESP"]
[Date "2015.08.08"]
[Round "7.5"]
[White "Alfonso Nogue, Beatriz"]
[Black "Cano Sevila, Ivan"]
[Result "1/2-1/2"]
[WhiteElo "2162"]
[BlackElo "2099"]
[PlyCount "93"]
[EventDate "2015.08.02"]
[EventType "swiss"]
[EventRounds "9"]
[EventCountry "ESP"]
[SourceTitle "Ajedrez en Madrid"]
[Source "lmi"]
[SourceDate "2015.08.02"]
[SourceVersion "1"]
[SourceVersionDate "2018.07.18"]
[SourceQuality "1"]

1. d4 Nf6 2. c4 e5 3. dxe5 Ng4 4. Bf4 Nc6 5. Nf3 Bc5 6. e3 f6 7. exf6 Qxf6 8.
Qd2 Bb4 9. Nc3 d6 10. Bg5 Bxc3 11. bxc3 Qf7 12. Rb1 O-O 13. Bf4 Nge5 14. Nxe5
dxe5 15. Bg3 Rd8 16. Qb2 Bf5 17. Rc1 Be6 18. c5 b6 19. Bb5 Bd5 20. f3 Na5 21.
O-O Bxa2 22. Bxe5 Nc4 23. Qxa2 Nxe5 24. Qe2 Kh8 25. f4 Nd7 26. Bc6 Rab8 27.
cxb6 axb6 28. e4 Nc5 29. Bd5 Qe8 30. Rce1 c6 31. Ba2 Rd3 32. Rf3 Rbd8 33. Rxd3
Rxd3 34. e5 Rxc3 35. Rd1 Qe7 36. Bb1 g6 37. Qg4 Ne6 38. Ba2 Nc5 39. Qc8+ Kg7
40. Qxc6 Rc2 41. Bb1 Rc4 42. g3 Rb4 43. Re1 Qd8 44. Qg2 Qd4+ 45. Qf2 Qc3 46.
Rd1 Rb2 47. Qe1 1/2-1/2

[Event "41. Open Ciutat de Badalona 2015 - B"]
[Site "Badalona ESP"]
[Date "2015.08.08"]
[Round "7.6"]
[White "Magallanes, Gustavo Javier"]
[Black "Garcia i Riera, Josep"]
[Result "1-0"]
[WhiteElo "2146"]
[BlackElo "2085"]
[PlyCount "47"]
[EventDate "2015.08.02"]
[EventType "swiss"]
[EventRounds "9"]
[EventCountry "ESP"]
[SourceTitle "Ajedrez en Madrid"]
[Source "lmi"]
[SourceDate "2015.08.02"]
[SourceVersion "1"]
[SourceVersionDate "2018.07.18"]
[SourceQuality "1"]

1. e4 Nf6 2. Nc3 d5 3. e5 Nfd7 4. e6 fxe6 5. d4 g6 6. h4 Bg7 7. h5 e5 8. hxg6
hxg6 9. Rxh8+ Bxh8 10. Qg4 Kf7 11. Nf3 Nf8 12. Ng5+ Kg8 13. Qf3 Be6 14. Nxe6
Nxe6 15. Nxd5 c6 16. Nc3 Nxd4 17. Bc4+ e6 18. Qd3 Qf6 19. Ne4 Qf5 20. a4 b5 21.
Ba2 c5 22. axb5 a6 23. c3 axb5 24. Bxe6+ 1-0

[Event "41. Open Ciutat de Badalona 2015 - B"]
[Site "Badalona ESP"]
[Date "2015.08.08"]
[Round "7.7"]
[White "Castejon Ch, Diego"]
[Black "Garcia Clemente, Julian Francisco"]
[Result "1-0"]
[WhiteElo "2116"]
[BlackElo "2031"]
[PlyCount "105"]
[EventDate "2015.08.02"]
[EventType "swiss"]
[EventRounds "9"]
[EventCountry "ESP"]
[SourceTitle "Ajedrez en Madrid"]
[Source "lmi"]
[SourceDate "2015.08.02"]
[SourceVersion "1"]
[SourceVersionDate "2018.07.18"]
[SourceQuality "1"]

1. e4 e6 2. d4 d5 3. Nc3 Nf6 4. e5 Nfd7 5. Nf3 c5 6. Bd3 cxd4 7. Ne2 Nc6 8. Bf4
Bb4+ 9. Kf1 Be7 10. h4 Nc5 11. Nexd4 Nxd4 12. Nxd4 Nxd3 13. Qxd3 a6 14. Qg3 Bf8
15. Re1 Qb6 16. Nb3 Bd7 17. Be3 Qc7 18. c3 O-O-O 19. h5 h6 20. Rh4 f5 21. Kg1
Kb8 22. Rc1 Be7 23. Rd4 Bg5 24. c4 Bxe3 25. Qxe3 dxc4 26. Rdxc4 Bc6 27. Nd4
Rxd4 28. Rxd4 Qb6 29. Qd2 Bd5 30. Rb4 Qd8 31. Rc3 Qe8 32. Qe2 Qe7 33. Rb6 Qg5
34. Rg3 Qc1+ 35. Kh2 Ka7 36. Rd6 Qc7 37. b4 f4 38. Ra3 f3 39. gxf3 Qf7 40. Qe3+
Kb8 41. Rc3 Qxh5+ 42. Kg2 Qg6+ 43. Kf1 Qb1+ 44. Rc1 Qxa2 45. Qc5 Bxf3 46. Qc7+
Ka7 47. Qb6+ Kb8 48. Rd8+ Rxd8 49. Qxd8+ Ka7 50. Qd4+ Kb8 51. Qd6+ Ka7 52. Qc5+
Kb8 53. Qf8+ 1-0

[Event "41. Open Ciutat de Badalona 2015 - B"]
[Site "Badalona ESP"]
[Date "2015.08.08"]
[Round "7.8"]
[White "Riu Lopez, Daniel"]
[Black "Riu Lopez, Sergi"]
[Result "0-1"]
[WhiteElo "2100"]
[BlackElo "2069"]
[PlyCount "54"]
[EventDate "2015.08.02"]
[EventType "swiss"]
[EventRounds "9"]
[EventCountry "ESP"]
[SourceTitle "Ajedrez en Madrid"]
[Source "lmi"]
[SourceDate "2015.08.02"]
[SourceVersion "1"]
[SourceVersionDate "2018.07.18"]
[SourceQuality "1"]

1. e4 e5 2. Nf3 Nc6 3. Bc4 Bc5 4. c3 Nf6 5. d4 exd4 6. e5 d5 7. Bb5 Ne4 8. cxd4
Bb6 9. Nc3 Bg4 10. Be3 O-O 11. Be2 Qd7 12. h3 Bh5 13. O-O h6 14. Rc1 Rad8 15.
Qa4 Nxc3 16. bxc3 Nxd4 17. Qd1 Nxe2+ 18. Qxe2 Qe6 19. Rfe1 Rfe8 20. g4 Bg6 21.
Bf4 c5 22. Nd2 d4 23. cxd4 cxd4 24. Nc4 d3 25. Qb2 Rd4 26. Nxb6 Rxf4 27. Qd2
Rd4 0-1

[Event "41. Open Ciutat de Badalona 2015 - B"]
[Site "Badalona ESP"]
[Date "2015.08.08"]
[Round "7.9"]
[White "Viñas Serrano, Jordi"]
[Black "Fernandez Martin, Javier"]
[Result "0-1"]
[WhiteElo "1975"]
[BlackElo "2059"]
[PlyCount "54"]
[EventDate "2015.08.02"]
[EventType "swiss"]
[EventRounds "9"]
[EventCountry "ESP"]
[SourceTitle "Ajedrez en Madrid"]
[Source "lmi"]
[SourceDate "2015.08.02"]
[SourceVersion "1"]
[SourceVersionDate "2018.07.18"]
[SourceQuality "1"]

1. d4 Nf6 2. Nf3 g6 3. g3 Bg7 4. Bg2 O-O 5. O-O d5 6. c4 c6 7. cxd5 cxd5 8. Nc3
Nc6 9. Bd2 Bf5 10. Na4 b6 11. Rc1 Qd7 12. b3 Rac8 13. e3 Ne4 14. Nh4 Bh3 15.
Nc3 Bxg2 16. Nxg2 Rc7 17. Nf4 e6 18. Nxe4 dxe4 19. Qe2 Rfc8 20. Qb5 Rd8 21. Kg2
e5 22. dxe5 Bxe5 23. Rfd1 Bxf4 24. exf4 Qg4 25. Qg5 Qf3+ 26. Kh3 h6 27. Qf6 Rd5
0-1

[Event "41. Open Ciutat de Badalona 2015 - B"]
[Site "Badalona ESP"]
[Date "2015.08.08"]
[Round "7.10"]
[White "Navarro Perez, Manel"]
[Black "Martin Villanova, Jordi"]
[Result "0-1"]
[WhiteElo "2184"]
[BlackElo "2062"]
[PlyCount "202"]
[EventDate "2015.08.02"]
[EventType "swiss"]
[EventRounds "9"]
[EventCountry "ESP"]
[SourceTitle "Ajedrez en Madrid"]
[Source "lmi"]
[SourceDate "2015.08.02"]
[SourceVersion "1"]
[SourceVersionDate "2018.07.18"]
[SourceQuality "1"]

1. e4 c5 2. Nc3 Nc6 3. f4 g6 4. Nf3 Bg7 5. Bc4 e6 6. O-O Nge7 7. Qe1 O-O 8. f5
d5 9. Qh4 Nxf5 10. Qxd8 Rxd8 11. exd5 Na5 12. d3 Nxc4 13. dxc4 Bxc3 14. bxc3
exd5 15. Bg5 Re8 16. cxd5 b6 17. Rae1 Ba6 18. Rxe8+ Rxe8 19. Rd1 Nd6 20. Bf4
Nc4 21. d6 Bb5 22. Bg5 Bd7 23. Be7 Kg7 24. Re1 f6 25. Kf2 Na5 26. g4 Nc6 27. g5
Nxe7 28. gxf6+ Kxf6 29. Ne5 Bf5 30. Nc6 Nxc6 31. Rxe8 Bd7 32. Re4 Ne5 33. Kg3
Bf5 34. Re2 g5 35. h4 h6 36. hxg5+ hxg5 37. Rh2 Ke6 38. Rh6+ Bg6 39. Rh8 Kxd6
40. Ra8 a5 41. Rd8+ Ke6 42. Rb8 Nd7 43. Rg8 Kf7 44. Rd8 Bf5 45. a3 Nf6 46. Rb8
Nd7 47. Rd8 Ke6 48. Rg8 Nf6 49. Rb8 Nd7 50. Rg8 Bxc2 51. Rxg5 Kd6 52. Kf4 Nf6
53. Ke3 Nd5+ 54. Kd2 Bb3 55. Rg6+ Kc7 56. Rh6 Kb7 57. Kd3 Ka6 58. c4 Ne7 59.
Rf6 Ba2 60. Kc3 a4 61. Rf2 Bb3 62. Rf6 Nc8 63. Re6 Kb7 64. Rf6 Kc7 65. Rh6 Nd6
66. Rh4 Kc6 67. Rh6 Bxc4 68. Rh4 b5 69. Rh6 Bd5 70. Rg6 Be4 71. Rg8 Bf5 72. Rf8
Kd5 73. Rd8 Ke5 74. Rb8 Ne4+ 75. Kb2 Bd7 76. Rd8 Be6 77. Rb8 Bc4 78. Rd8 Nd6
79. Kc3 Bd5 80. Rb8 Bc6 81. Rd8 Ne4+ 82. Kb2 b4 83. axb4 cxb4 84. Rb8 Nf2 85.
Kc2 Be4+ 86. Kd2 Nd3 87. Ke3 Bg6 88. Rb5+ Kf6 89. Rb6+ Kg5 90. Kd4 a3 91. Rb5+
Kf4 92. Kc4 a2 93. Ra5 Ke3 94. Kb3 Bf7+ 95. Kc2 b3+ 96. Kc3 b2 97. Re5+ Nxe5
98. Kxb2 Nf3 99. Kc2 Ne1+ 100. Kb2 Kd4 101. Ka1 Nc2+ 0-1

[Event "41. Open Ciutat de Badalona 2015 - B"]
[Site "Badalona ESP"]
[Date "2015.08.09"]
[Round "8.1"]
[White "Ramon Serrano, Fco. Javier"]
[Black "Romero Castejón, Daniel"]
[Result "0-1"]
[WhiteElo "2163"]
[BlackElo "2073"]
[PlyCount "112"]
[EventDate "2015.08.02"]
[EventType "swiss"]
[EventRounds "9"]
[EventCountry "ESP"]
[SourceTitle "Ajedrez en Madrid"]
[Source "lmi"]
[SourceDate "2015.08.02"]
[SourceVersion "1"]
[SourceVersionDate "2018.07.18"]
[SourceQuality "1"]

1. d4 d5 2. Nf3 e6 3. Bg5 Be7 4. Bxe7 Qxe7 5. c3 Nf6 6. Nbd2 c5 7. e3 Nc6 8.
Be2 O-O 9. O-O b6 10. Bb5 Bd7 11. Bxc6 Bxc6 12. Ne5 Bb5 13. Re1 Nd7 14. Nxd7
Bxd7 15. Nf3 Rfd8 16. Qe2 Rac8 17. Rad1 Bc6 18. Rd2 f6 19. Red1 c4 20. Ne1 Be8
21. e4 Ba4 22. Rc1 dxe4 23. Qxe4 Bc6 24. Qe2 Bd5 25. Nc2 b5 26. Ne3 Rd7 27. Re1
Re8 28. Qg4 Qd6 29. Rde2 Rde7 30. Qh5 Bc6 31. h3 a6 32. Qh4 Bd7 33. f4 Bc6 34.
Qg4 Be4 35. Nxc4 bxc4 36. Qh5 Bd3 37. Rf2 Qd5 38. Qg4 h6 39. Re3 e5 40. fxe5
fxe5 41. dxe5 Rxe5 42. Rg3 Rg5 43. Qf4 Rxg3 44. Qxg3 Re1+ 45. Kh2 Qe5 46. Qxe5
Rxe5 47. b3 Re2 48. Rf4 Rxa2 49. bxc4 Rc2 50. Rd4 Rxc3 51. c5 Bb5 52. Rd5 Kf7
53. g4 Rc2+ 54. Kg3 g5 55. Rd6 Kg7 56. Rd5 Rg2+ 0-1

[Event "41. Open Ciutat de Badalona 2015 - B"]
[Site "Badalona ESP"]
[Date "2015.08.09"]
[Round "8.2"]
[White "Beaskoa Estany, Gabriel"]
[Black "Masferrer Niubo, Enric"]
[Result "1-0"]
[WhiteElo "2154"]
[BlackElo "2155"]
[PlyCount "89"]
[EventDate "2015.08.02"]
[EventType "swiss"]
[EventRounds "9"]
[EventCountry "ESP"]
[SourceTitle "Ajedrez en Madrid"]
[Source "lmi"]
[SourceDate "2015.08.02"]
[SourceVersion "1"]
[SourceVersionDate "2018.07.18"]
[SourceQuality "1"]

1. e4 e5 2. Nf3 Nc6 3. d4 exd4 4. Nxd4 Bc5 5. Nxc6 Qf6 6. Qf3 Qxf3 7. gxf3 bxc6
8. Be3 Bxe3 9. fxe3 Rb8 10. b3 Ne7 11. f4 f5 12. e5 d6 13. exd6 cxd6 14. Rg1
O-O 15. c4 Be6 16. Nd2 Rbe8 17. Kf2 Kh8 18. Nf3 Ng8 19. Bd3 Nf6 20. h3 Ne4+ 21.
Bxe4 fxe4 22. Nd4 Bd7 23. Rg3 c5 24. Ne2 Bc6 25. Nc3 Rd8 26. Rag1 Rd7 27. Rg5
h6 28. Rg6 Kh7 29. h4 Rf6 30. Rxf6 gxf6 31. f5 d5 32. cxd5 Bxd5 33. Rd1 Bc6 34.
Rxd7+ Bxd7 35. Nxe4 Bxf5 36. Nxc5 Kg7 37. e4 Bg6 38. b4 Kf7 39. Ke3 Ke7 40. Kd4
Kd6 41. Nd3 Be8 42. Nf4 Ba4 43. Nd5 Ke6 44. Ne3 Bc6 45. Nf5 1-0

[Event "41. Open Ciutat de Badalona 2015 - B"]
[Site "Badalona ESP"]
[Date "2015.08.09"]
[Round "8.3"]
[White "Castejon Ch, Diego"]
[Black "Jover Font, Pau"]
[Result "0-1"]
[WhiteElo "2116"]
[BlackElo "2145"]
[PlyCount "100"]
[EventDate "2015.08.02"]
[EventType "swiss"]
[EventRounds "9"]
[EventCountry "ESP"]
[SourceTitle "Ajedrez en Madrid"]
[Source "lmi"]
[SourceDate "2015.08.02"]
[SourceVersion "1"]
[SourceVersionDate "2018.07.18"]
[SourceQuality "1"]

1. d4 d5 2. c4 c6 3. Nc3 Nf6 4. Nf3 Bf5 5. cxd5 cxd5 6. Bf4 e6 7. e3 Bb4 8.
Bxb8 Bxc3+ 9. bxc3 Qxb8 10. Bb5+ Ke7 11. O-O Rc8 12. Bd3 Rxc3 13. Bxf5 exf5 14.
Qb1 Qc8 15. Qb4+ Ke8 16. Ne5 Qc7 17. a4 Rc8 18. a5 Nd7 19. Nxd7 Qxd7 20. Rab1
R8c7 21. g3 R3c4 22. Qb5 a6 23. Qxd7+ Kxd7 24. Ra1 Rb4 25. Kg2 Rc2 26. Rfc1
Rxc1 27. Rxc1 Rb5 28. Ra1 g5 29. Kf3 h5 30. h4 f6 31. hxg5 fxg5 32. Ra2 Kc7 33.
Kg2 Rb4 34. Kf3 b5 35. axb6+ Kxb6 36. Ke2 a5 37. f3 a4 38. g4 fxg4 39. fxg4
hxg4 40. Kf2 Kb5 41. Kg3 Rb3 42. Kxg4 Rxe3 43. Kxg5 a3 44. Kf4 Re4+ 45. Kf3 Kb4
46. Rd2 Kc3 47. Ra2 Kb3 48. Rd2 a2 49. Rd3+ Kc2 50. Ra3 Kb2 0-1

[Event "41. Open Ciutat de Badalona 2015 - B"]
[Site "Badalona ESP"]
[Date "2015.08.09"]
[Round "8.4"]
[White "Riu Lopez, Sergi"]
[Black "Magallanes, Gustavo Javier"]
[Result "1/2-1/2"]
[WhiteElo "2069"]
[BlackElo "2146"]
[PlyCount "51"]
[EventDate "2015.08.02"]
[EventType "swiss"]
[EventRounds "9"]
[EventCountry "ESP"]
[SourceTitle "Ajedrez en Madrid"]
[Source "lmi"]
[SourceDate "2015.08.02"]
[SourceVersion "1"]
[SourceVersionDate "2018.07.18"]
[SourceQuality "1"]

1. e4 c5 2. Nf3 e6 3. d4 cxd4 4. Nxd4 Nc6 5. Nc3 Qc7 6. Be2 a6 7. Be3 Nf6 8.
O-O Bb4 9. Nxc6 bxc6 10. Qd3 d5 11. exd5 cxd5 12. Bd4 Be7 13. f4 Bc5 14. Kh1
Bxd4 15. Qxd4 O-O 16. Bd3 Rb8 17. Rae1 Qa5 18. Re3 Rb4 19. Qe5 Ng4 20. Qh5 f5
21. Rg3 g6 22. Rxg4 fxg4 23. Bxg6 hxg6 24. Qxg6+ Kh8 25. Qh6+ Kg8 26. Qg6+
1/2-1/2

[Event "41. Open Ciutat de Badalona 2015 - B"]
[Site "Badalona ESP"]
[Date "2015.08.09"]
[Round "8.5"]
[White "Fernandez Martin, Javier"]
[Black "Alfonso Nogue, Beatriz"]
[Result "1-0"]
[WhiteElo "2059"]
[BlackElo "2162"]
[PlyCount "67"]
[EventDate "2015.08.02"]
[EventType "swiss"]
[EventRounds "9"]
[EventCountry "ESP"]
[SourceTitle "Ajedrez en Madrid"]
[Source "lmi"]
[SourceDate "2015.08.02"]
[SourceVersion "1"]
[SourceVersionDate "2018.07.18"]
[SourceQuality "1"]

1. e4 e5 2. Nc3 Nf6 3. g3 d5 4. exd5 Nxd5 5. Bg2 Nxc3 6. bxc3 Bd6 7. Ne2 Nc6 8.
Rb1 O-O 9. O-O Bc5 10. d3 Bb6 11. c4 Qe7 12. Nc3 Qd6 13. Nb5 Qe7 14. Ba3 Bc5
15. Bxc5 Qxc5 16. Nxc7 Rb8 17. Qd2 Rd8 18. Qe3 Nd4 19. Na6 bxa6 20. Rxb8 Qc7
21. Rb2 f5 22. Bd5+ Kh8 23. Re1 Nc6 24. Qc5 Bd7 25. Bxc6 Bxc6 26. Qxe5 Qc8 27.
Qf4 Ba8 28. Reb1 Qc6 29. f3 Qc5+ 30. Kg2 Re8 31. Rb8 Bc6 32. Rxe8+ Bxe8 33. Rb8
Qe7 34. Kf2 1-0

[Event "41. Open Ciutat de Badalona 2015 - B"]
[Site "Badalona ESP"]
[Date "2015.08.09"]
[Round "8.6"]
[White "Palacios Peña, Gerardo"]
[Black "Sumelzo Lozano, Josep"]
[Result "1-0"]
[WhiteElo "2152"]
[BlackElo "2020"]
[PlyCount "95"]
[EventDate "2015.08.02"]
[EventType "swiss"]
[EventRounds "9"]
[EventCountry "ESP"]
[SourceTitle "Ajedrez en Madrid"]
[Source "lmi"]
[SourceDate "2015.08.02"]
[SourceVersion "1"]
[SourceVersionDate "2018.07.18"]
[SourceQuality "1"]

1. d4 Nf6 2. Nf3 d5 3. Bf4 e6 4. e3 Bd6 5. Bg5 Nbd7 6. Be2 c6 7. O-O Qc7 8.
Nbd2 h6 9. Bh4 b6 10. c4 Bb7 11. cxd5 exd5 12. Rc1 O-O 13. a3 Rac8 14. b4 Qb8
15. Qb3 c5 16. bxc5 bxc5 17. Rb1 Bc6 18. Qa2 Qc7 19. dxc5 Bxc5 20. Nb3 Be7 21.
Nbd4 Qd6 22. Rfc1 g6 23. Bg3 Qxa3 24. Qxa3 Bxa3 25. Rxc6 Rxc6 26. Nxc6 Bc5 27.
Nfd4 Rc8 28. Ba6 Re8 29. Kf1 Ne4 30. Rb7 Ndf6 31. Rb8 Kf8 32. Rxe8+ Kxe8 33.
Bb8 Kd7 34. Nxa7 Ke7 35. f3 Nc3 36. Nac6+ Kf8 37. Ke1 g5 38. g4 h5 39. h3 hxg4
40. hxg4 Nd7 41. Bg3 Kg7 42. Bd3 Bb6 43. Kd2 Na4 44. Nf5+ Kf6 45. Bb5 Nac5 46.
Ke2 Ke6 47. Ncd4+ Kf6 48. Bc6 1-0

[Event "41. Open Ciutat de Badalona 2015 - B"]
[Site "Badalona ESP"]
[Date "2015.08.09"]
[Round "8.7"]
[White "Martin Villanova, Jordi"]
[Black "Cervello Tost, Roger"]
[Result "0-1"]
[WhiteElo "2062"]
[BlackElo "2132"]
[PlyCount "92"]
[EventDate "2015.08.02"]
[EventType "swiss"]
[EventRounds "9"]
[EventCountry "ESP"]
[SourceTitle "Ajedrez en Madrid"]
[Source "lmi"]
[SourceDate "2015.08.02"]
[SourceVersion "1"]
[SourceVersionDate "2018.07.18"]
[SourceQuality "1"]

1. Nf3 d5 2. c4 e6 3. g3 Nf6 4. Bg2 Nbd7 5. b3 c6 6. O-O Bd6 7. Ba3 Bxa3 8.
Nxa3 Qe7 9. Nc2 e5 10. cxd5 cxd5 11. d3 b6 12. Qd2 Bb7 13. Rfc1 Rc8 14. Bh3 O-O
15. Qg5 h6 16. Qh4 Qc5 17. Ne3 Qxc1+ 18. Rxc1 Rxc1+ 19. Kg2 Re8 20. Nf5 e4 21.
N3d4 exd3 22. exd3 Ree1 23. Nxh6+ gxh6 24. Bxd7 Nxd7 25. Qg4+ Kf8 26. Qxd7 Bc8
27. Qd6+ Kg7 28. Nf3 Re2 29. Qxd5 Rcc2 30. Qd4+ Kh7 31. g4 Rxa2 32. Kg3 Be6 33.
b4 Rxf2 34. Qe4+ Kg8 35. h3 Rfe2 36. Qd4 Rg2+ 37. Kh4 Raf2 38. Qe4 a5 39. bxa5
bxa5 40. Nd4 Bd7 41. Qe7 Ba4 42. Nf5 Bb3 43. Qf6 Rxf5 44. Qxf5 a4 45. Kh5 Be6
46. Qf3 Bxg4+ 0-1

[Event "41. Open Ciutat de Badalona 2015 - B"]
[Site "Badalona ESP"]
[Date "2015.08.09"]
[Round "8.8"]
[White "Martin Sanchez, Enric"]
[Black "Colom Andres, Xavier"]
[Result "1-0"]
[WhiteElo "2113"]
[BlackElo "2065"]
[PlyCount "83"]
[EventDate "2015.08.02"]
[EventType "swiss"]
[EventRounds "9"]
[EventCountry "ESP"]
[SourceTitle "Ajedrez en Madrid"]
[Source "lmi"]
[SourceDate "2015.08.02"]
[SourceVersion "1"]
[SourceVersionDate "2018.07.18"]
[SourceQuality "1"]

1. e4 c5 2. Nf3 g6 3. d4 cxd4 4. Nxd4 Nc6 5. Be3 Nf6 6. Nc3 d6 7. Be2 Bg7 8.
Nb3 O-O 9. f4 a5 10. a4 Nb4 11. Rc1 d5 12. e5 Ne4 13. Nxe4 dxe4 14. Qxd8 Rxd8
15. Bb6 Re8 16. Bb5 Nc6 17. Nxa5 Nxa5 18. Bxe8 Nc6 19. Bxc6 bxc6 20. b3 Bh6 21.
g3 Bg4 22. h4 Bf8 23. c4 f6 24. Kf2 Rb8 25. a5 fxe5 26. Ra1 exf4 27. gxf4 Bg7
28. Ra2 Bc3 29. Kg3 h5 30. a6 Bb4 31. a7 Ra8 32. Kf2 Kf7 33. Ke3 Bf3 34. Rc1 e5
35. c5 exf4+ 36. Kxf4 Ke6 37. Ke3 Kf5 38. Ra4 Kg4 39. Rxb4 Kxh4 40. Rxe4+ Bxe4
41. Kxe4 g5 42. Rd1 1-0

[Event "41. Open Ciutat de Badalona 2015 - B"]
[Site "Badalona ESP"]
[Date "2015.08.09"]
[Round "8.9"]
[White "Cano Sevila, Ivan"]
[Black "Fontanillas Sanchez, Joan"]
[Result "0-1"]
[WhiteElo "2099"]
[BlackElo "2104"]
[PlyCount "58"]
[EventDate "2015.08.02"]
[EventType "swiss"]
[EventRounds "9"]
[EventCountry "ESP"]
[SourceTitle "Ajedrez en Madrid"]
[Source "lmi"]
[SourceDate "2015.08.02"]
[SourceVersion "1"]
[SourceVersionDate "2018.07.18"]
[SourceQuality "1"]

1. b4 c6 2. Bb2 Qb6 3. a3 a5 4. c4 axb4 5. c5 Qc7 6. axb4 Rxa1 7. Bxa1 Nf6 8.
Nc3 b6 9. d4 d6 10. Na4 bxc5 11. dxc5 dxc5 12. Nxc5 Na6 13. Nxa6 Bxa6 14. Nf3
e6 15. Qa4 Qb7 16. Bc3 Nd5 17. Bd2 Bxb4 18. e4 Bxd2+ 19. Nxd2 Bxf1 20. exd5 Bb5
21. Qg4 O-O 22. dxe6 Re8 23. Ne4 Rxe6 24. f3 Bd3 25. Kf2 Qb2+ 26. Kg3 Bxe4 27.
Rd1 Bd5 28. Qa4 Qe5+ 29. Kf2 g6 0-1

[Event "41. Open Ciutat de Badalona 2015 - B"]
[Site "Badalona ESP"]
[Date "2015.08.09"]
[Round "8.10"]
[White "Norte Garcia, Andrea"]
[Black "Tortosa Moros, Joan"]
[Result "1-0"]
[WhiteElo "2118"]
[BlackElo "1907"]
[PlyCount "73"]
[EventDate "2015.08.02"]
[EventType "swiss"]
[EventRounds "9"]
[EventCountry "ESP"]
[SourceTitle "Ajedrez en Madrid"]
[Source "lmi"]
[SourceDate "2015.08.02"]
[SourceVersion "1"]
[SourceVersionDate "2018.07.18"]
[SourceQuality "1"]

1. e4 c5 2. Nf3 Nc6 3. d4 cxd4 4. Nxd4 g6 5. c4 Bg7 6. Be3 Nf6 7. Nc3 Ng4 8.
Qxg4 Nxd4 9. Qd1 Ne6 10. Rc1 O-O 11. Be2 d6 12. O-O Bd7 13. Qd2 Bc6 14. Nd5 Nc5
15. f3 e6 16. Nc3 f5 17. b4 Na4 18. Nxa4 Bxa4 19. Bd1 Be8 20. Bb3 Bf7 21. Rcd1
fxe4 22. fxe4 Be5 23. Bg5 Qb6+ 24. Kh1 a5 25. Be7 Rfe8 26. c5 dxc5 27. bxc5 Qc6
28. Qd7 Qxd7 29. Rxd7 a4 30. Bc4 Rab8 31. Bg5 b5 32. cxb6 Rbc8 33. Bb5 Rc5 34.
Bxa4 Rec8 35. Rdxf7 Bd4 36. Bh6 Rc2 37. Rf8+ 1-0

[Event "41. Open Ciutat de Badalona 2015 - B"]
[Site "Badalona ESP"]
[Date "2015.08.10"]
[Round "9.1"]
[White "Jover Font, Pau"]
[Black "Palacios Peña, Gerardo"]
[Result "1-0"]
[WhiteElo "2145"]
[BlackElo "2152"]
[PlyCount "83"]
[EventDate "2015.08.02"]
[EventType "swiss"]
[EventRounds "9"]
[EventCountry "ESP"]
[SourceTitle "Ajedrez en Madrid"]
[Source "lmi"]
[SourceDate "2015.08.02"]
[SourceVersion "1"]
[SourceVersionDate "2018.07.18"]
[SourceQuality "1"]

1. e4 b6 2. d4 Bb7 3. Nc3 e6 4. Bd3 Nf6 5. Nf3 Bb4 6. Qe2 d5 7. exd5 Nxd5 8.
Bd2 Nxc3 9. Bxc3 Bxc3+ 10. bxc3 Nd7 11. O-O O-O 12. a4 c5 13. Rfd1 Qf6 14. Be4
Bxe4 15. Qxe4 Qg6 16. Qc6 Nf6 17. dxc5 Rfc8 18. Qb7 bxc5 19. Ne5 Qh5 20. Nc6
Rf8 21. Nxa7 Rad8 22. Qf3 Qxf3 23. gxf3 Nd5 24. Nc6 Ra8 25. c4 Nf4 26. Ne7+ Kh8
27. Rd7 g5 28. Rc7 Ra6 29. Nc8 Rd8 30. Rxc5 Rd2 31. Ne7 h6 32. Nc6 Kg7 33. Nb4
Rad6 34. Re5 Nh3+ 35. Kg2 Nxf2 36. Kg3 f6 37. Rc5 h5 38. h4 g4 39. Rf1 Nh3 40.
Rxh5 Kg6 41. fxg4 f5 42. Rh8 1-0